000 01315cam a2200229 4500500
005 20260222001654.0
041 _afre
042 _adc
100 1 0 _aMartin, Tristan
_eauthor
700 1 0 _aMitha, Assia
_eauthor
700 1 0 _aGrassi, Enzo
_eauthor
700 1 0 _aDesmaris, Romain
_eauthor
700 1 0 _aBertrand, Claude
_eauthor
700 1 0 _aColiat, Pierre
_eauthor
700 1 0 _aRieutord, André
_eauthor
245 0 0 _aFront matter
260 _c2026.
500 _a49
520 _aAutomated compounding of injectable anticancer drugs has become increasingly popular. It requires adjustments to practices and the anticipation of all aspects related to production. This work describes a reflection process and aims to provide a secure anticipation tool. The first equipped hospital pharmacies have created an Ishikawa diagram, and each risk has been assigned a deliverable, a manager, and a time frame. The 70 identified risks have been compiled into an action plan in the form of a dashboard. This first version of the practical and adaptable tool should facilitate project management.
786 0 _nRevue de neuropsychologie | Volume 17 | 4 | 2026-01-30 | p. 181-182 | 2101-6739
856 4 1 _uhttps://stm.cairn.info/journal-revue-de-neuropsychologie-2025-4-page-181?lang=en&redirect-ssocas=7080
999 _c1664621
_d1664621